Radiohead Songs by Opening Lyrics. - Statistics

General Stats
  • This quiz has been taken 214 times
    177 since last reset
  • The average score is 12 of 18
Answer Stats
Hint Answer % Correct
When you were here before, Couldn't look you in the eyes... Creep
99%
Her fake plastic watering can, For her fake Chinese rubber plant.. Fake Plastic Trees
99%
______ , arrest this man, He talks in Maths, He buzzes like a fridge Karma Police
92%
A heart that's full up like a landfill, A job that slowly kills you... No Surprises
89%
Can't get the stink off, He's been hanging 'round for days Just
76%
Just as you take my hand, Just as you write my number down Jigsaw Falling Into Place
74%
Transport, motorways and tramlines, Starting and then stopping Let Down
74%
Please could you stop the noise? I'm trying to get some rest Paranoid Android
74%
In the deepest ocean, The bottom of the sea, Your eyes..... Weird Fish/ arperggi
72%
I'm the next act waiting in the wings, I'm an animal trapped in your hot car All I Need
69%
Two jumps in a week, I bet you think that's pretty clever High & Dry
64%
Wake from your sleep, The drying of your tears Exit Music (for a film)
61%
Faith, you're driving me away My Iron Lung
54%
Are you such a dreamer, To put the world to rights? 2+2=5
47%
Rows of houses all bearing down on me Street Spirit (Fade Out)
46%
Everyone, Everyone around here, Everyone is so near The National Anthem
44%
I do not understand, What it is I've done wrong, Full of holes.... Bodysnatchers
36%
Lost in the mountains, Rust in my Brain, The Air is Sacred Here The Trickster
7%
No matching quizzes found
Score Distribution
Percent of People with Each Score
Percentile by Number Answered
Your Score History
You have not taken this quiz since the last reset